Fisiopatología y clínica de la gestosis / (Record no. 72114)
[ view plain ]
| 000 -LEADER | |
|---|---|
| campo de control de longitud fija | 00542nam a2200169 i 4500 |
| 001 - NÚMERO DE CONTROL | |
| campo de control | 72114 |
| 003 - IDENTIFICADOR DE NÚMERO DE CONTROL | |
| campo de control | ES-MaACL |
| 007 - CAMPO FIJO DE DESCRIPCIÓN FÍSICA--INFORMACIÓN GENERAL | |
| campo de control de longitud fija | t| |
| 008 - DATOS DE LONGITUD FIJA--INFORMACIÓN GENERAL | |
| campo de control de longitud fija | 040826s1948 sp ||||1| spa d |
| 100 1# - ENTRADA PRINCIPAL--NOMBRE DE PERSONA | |
| Nombre de persona | Gil Vernet, Emilio, |
| Fechas asociadas al nombre | 1905-1981 |
| 9 (RLIN) | 56886 |
| 245 10 - MENCIÓN DEL TÍTULO | |
| Título | Fisiopatología y clínica de la gestosis / |
| Mención de responsabilidad, etc. | E. Gil Vernet, J.M. Biel. |
| 260 ## - PUBLICACIÓN, DISTRIBUCIÓN, ETC. | |
| Lugar de publicación, distribución, etc. | Barcelona : |
| Nombre del editor, distribuidor, etc. | J.M. Massó, |
| Fecha de publicación, distribución, etc. | 1948 ( |
| Fabricante | Tip. Catalana) |
| 300 ## - DESCRIPCIÓN FÍSICA | |
| Extensión | 425 p., 7 lám. : |
| Otras características físicas | il. ; |
| Dimensiones | 22 cm. |
| 700 1# - ENTRADA AGREGADA--NOMBRE PERSONAL | |
| Nombre de persona | Biel, J. M. |
| 9 (RLIN) | 28804 |
| 852 ## - LOCALIZACIÓN | |
| Ubicación | ES-MaACL |
| Número de control de estantería | B-1966 |
| Sublocalización o colección | R.26810 |
| Estatus retirado | Estado de pérdida | Estado de daño | No para préstamo | Biblioteca de origen | Biblioteca actual | Ubicación en estantería | Fecha de adquisición | Fuente de adquisición | Total de préstamos | Signatura topográfica completa | Código de barras | Visto por última vez | Precio de reemplazo | Tipo de ítem Koha |
|---|---|---|---|---|---|---|---|---|---|---|---|---|---|---|
| Biblioteca del Ateneo de Madrid | Biblioteca del Ateneo de Madrid | Sala Pardo Bazán | 17/01/2008 | B-1966 | 1075498 | 23/02/2023 | 23/02/2023 | Libro impreso |
